| 000 | 00836nam a22003370a 4500 | ||
|---|---|---|---|
| 001 | PT32520 | ||
| 003 | AR-LpoUNG | ||
| 005 | 20210131230013.0 | ||
| 008 | 191001s2002||||ag |||||||||||||||||spa d | ||
| 020 |
_a9505564414 _c$10.30 |
||
| 040 |
_aAR-LpoUNG _bspa _cAR-LpoUNG _eaacr |
||
| 041 | _aspa | ||
| 044 | _aag | ||
| 082 | 0 | _aR801.952 14dic | |
| 100 | 1 | _aUbersfeld, Anne | |
| 245 | 1 | 0 | _aDiccionario de términos claves del análisis teatral |
| 250 | _a1ra. ed. | ||
| 260 |
_aBuenos Aires : _bGalerna, _c2002. |
||
| 300 |
_a127 p. : _btbls. |
||
| 650 | 4 | _aARTE | |
| 650 | 4 | _aARTES DRAMATICAS | |
| 650 | 4 | _aTEATRO | |
| 651 | 4 | _aDOCUMENTOS TEORICOS O METODOLOGICOS | |
| 653 | _aACTORES | ||
| 653 | _aMIMESIS | ||
| 653 | _aMIMICA | ||
| 653 | _aMUSICA | ||
| 653 | _aREPRESENTACION | ||
| 905 | _a32520 | ||
| 942 | _cLSALA | ||
| 999 |
_c800 _d800 |
||